000
00250nam a2200097Ia 4500
008
240331s9999 xx 000 0 und d
082
_b
LEA
100
_a
Leary, V.L
245
3
_a
An introductory guide to human rights law and humanitarian law
942
_c
L
999
_c
2494
_d
2494